[Event "9th A. Margaryan Memorial 2019"]
[Site "Yerevan"]
[Date "2019.01.09"]
[Round "2"]
[White "Sargsyan, Anna M."]
[Black "Petriashvili, Nikoloz"]
[Result "1-0"]
[WhiteElo "2339"]
[BlackElo "2479"]
[Annotator "TA"]
[PlyCount "117"]
[EventDate "2019.01.08"]
[EventType "tourn"]
[EventCountry "ARM"]
[SourceTitle "playchess.com"]
[Source "ChessBase"]
[SourceQuality "1"]

{[%evp 23,117,39,47,20,25,49,33,37,51,15,66,62,74,56,52,74,46,50,125,118,118,118,118,126,150,144,152,151,145,128,138,127,127,135,130,129,166,132,136,127,279,234,225,197,191,204,253,167,164,175,137,141,149,151,148,135,314,316,316,316,315,316,506,473,615,704,682,674,465,426,1851,1930,1734,1701,1668,1424,5189,3919,3051,4084,3483,2547,29974,29975,29973,29973,29976,29977,29988,29989,29989,29990,29990,29991,29991,29992]} 1. d4 Nf6 2. c4 e6 3. Nf3 b6 4. g3 Bb7 5. Bg2 Bb4+ 6. Bd2 Qe7 7. O-O Bxd2 8. Nbxd2 O-O 9. Qc2 d6 10. e4 e5 11. Rfe1 Nbd7 12. Rad1 Rfe8 13. b4 {E16: Queen's Indian: 4 g3 Bb7 5 Bg2 Bb4+} (13. Nb1 Nf8 14. Nc3 c6 15. b4 Rac8 16. Qb3 Ba8 17. d5 c5 18. b5 Bb7 19. a4 Ra8 20. a5 Bc8 {1-0 (35) Gupta,A (2583)-Gomes,M (2423) Port Elizabeth 2013}) 13... a5 $146 ({Predecessor:} 13... g6 14. Nb3 c5 15. bxc5 bxc5 16. Na5 Rab8 17. Rb1 Ba8 18. d5 Rb6 19. Rb5 Reb8 20. Reb1 Qd8 21. Rxb6 Rxb6 22. Rxb6 Qxb6 {0-1 (31) Raudenbush,W-Nedeljkovic,D USA 1982}) 14. c5 bxc5 15. bxc5 {White is slightly better.} dxc5 16. d5 c6 (16... Ba6 $11) 17. Rb1 $14 Ba6 18. dxc6 Nb8 $1 {[%cal Rb8c6]} 19. Rec1 $1 Nxc6 20. Qxc5 Nb4 ({Black should try} 20... Nd8 $1 $14) 21. Qxe7 $16 ({Much less strong is} 21. Qxa5 $6 Nd3 $11) 21... Rxe7 22. a3 $1 $36 {[%cal Ra3b4][%mdl 2048] White is in control.} Nd3 23. Rc6 Nd7 24. Bf1 $1 N3c5 25. Bxa6 Nxa6 26. Rb5 Kf8 27. Rxa5 Nc7 28. Rxa8+ Nxa8 29. Nc4 Re8 30. a4 f6 31. a5 Rb8 $2 (31... Nb8 $16 32. Rd6 Nc7) 32. Nfd2 Ke7 33. Ne3 Kd8 34. Nd5 Rc8 35. Rxc8+ Kxc8 $18 {[%mdl 4096] Endgame KNN-KNN} 36. Nc4 Nc5 37. f3 Kd7 38. Kf2 Kc6 39. Ke3 Kb5 $2 (39... Nb3 $16 {was necessary.} 40. a6 Nc5) 40. Nd6+ Kxa5 {[#]} 41. Ne8 $1 Ne6 {[#]} 42. f4 $1 exf4+ $2 (42... Nb6 43. f5 Nc5) 43. gxf4 {[%cal Bg3f4,Bf4f5][%mdl 32]} Nb6 44. Nxb6 Kxb6 {KN-KN} 45. f5 Nc7 46. Nxg7 Kc6 (46... Kc5 $142 47. Kf4 Kd6) 47. Nh5 Ne8 48. Kd4 Kd7 49. Kc5 Ke7 50. Nf4 Kd7 51. Nd5 h6 52. h3 {[%cal Bh2h3,Bh3h4][%mdl 32]} Kc8 53. Kc6 {White mates.} Kd8 54. h4 h5 {[#]} 55. e5 $1 {[%cal Be4e5,Be5f6,Bf6f7][%mdl 544]} Ng7 (55... fxe5 56. f6) 56. exf6 Nxf5 57. f7 {[%cal Rf7f8]} Ne7+ 58. Kd6 {[%cal Rf7f8]} Ng6 {[#]} 59. Nf4 $1 {[%mdl 512] Accuracy: White = 83%, Black = 45%.} 1-0

[Event "9th A. Margaryan Memorial 2019"]
[Site "Yerevan"]
[Date "2019.01.10"]
[Round "3"]
[White "Sychev, Klementy"]
[Black "Sargsyan, Anna M."]
[Result "1/2-1/2"]
[WhiteElo "2537"]
[BlackElo "2339"]
[Annotator "TA"]
[PlyCount "85"]
[EventDate "2019.01.08"]
[EventType "tourn"]
[EventCountry "ARM"]
[SourceTitle "playchess.com"]
[Source "ChessBase"]
[SourceQuality "1"]

{[%evp 16,85,56,32,35,36,33,24,28,22,31,26,20,5,30,-5,26,22,45,37,36,41,68,0,59,52,54,27,44,27,119,79,147,120,139,144,168,115,160,85,94,95,99,104,98,-394,160,166,134,122,131,97,106,0,128,129,181,150,155,-120,-122,-163,-169,-160,-163,-169,-43,-40,-46,-52,-30,-47]} 1. e4 c6 2. d4 d5 3. e5 Bf5 4. Nf3 e6 5. Be2 Nd7 6. O-O Ne7 7. c3 Ng6 {B12: Caro-Kann: Advance Variation} (7... h6 8. Nbd2 c5 9. dxc5 Nxc5 10. Nd4 Nd7 11. Nxf5 Nxf5 12. Bd3 Ne7 13. Nf3 Nc6 14. Re1 Qc7 15. Qe2 g5 {0-1 (50) Karjakin,S (2773)-Mamedyarov,S (2801) Saint Louis 2018}) 8. Ne1 h5 9. Be3 {LiveBook: 5 Games} h4 {White is slightly better.} 10. Bd3 Ne7 11. Nd2 $146 ({Predecessor:} 11. Bg5 f6 12. exf6 gxf6 13. Bf4 e5 14. dxe5 fxe5 {1-0 (50) Firouzja,A (2561)-Gukesh,D (2440) Abu Dhabi 2018}) 11... Bxd3 12. Nxd3 Nf5 13. Nf3 Be7 14. Rc1 a5 {[%cal Ba7a5,Ba5a4][%mdl 32]} 15. Rc2 a4 16. Qe2 g6 17. g4 hxg3 18. fxg3 Rh7 19. g4 (19. Qd2 $14) 19... Nh4 (19... Nxe3 $11 20. Qxe3 Kf8) 20. Nde1 $36 {[%mdl 2048] White is more active.} Nb6 21. Nxh4 Bxh4 22. Nf3 Qe7 (22... Nc4 $11 {keeps the balance.}) 23. Qd3 Kd7 (23... Nc4 $142) 24. Rg2 Rah8 25. Qc2 Kc7 26. b3 (26. Qc1 $18) 26... Kb8 {[#]} 27. c4 (27. Qc1 $142 $1) 27... dxc4 $16 28. bxc4 {And now d5 would win.} Qa3 29. Bd2 Bd8 30. Rg3 $2 {[%mdl 8192] [#]} (30. Ne1 $16) 30... Rh3 $2 ({Black should try} 30... Rxh2 $1 $19 {[%mdl 512] White must now prevent ...Nxc4!} 31. Qc3 (31. Nxh2 Qxg3+) 31... Qxc3 32. Bxc3 Rxa2) 31. Rxh3 Rxh3 32. Kg2 Rh7 33. Rb1 {Threatens to win with Bc1.} Rh3 34. Rf1 Rh7 $1 35. Re1 Kc8 (35... Rh8 $16 36. h3 Bc7) 36. Re3 Qf8 37. Be1 $2 (37. Rd3 $16 {keeps the pressure on.}) 37... Qh6 $17 38. Bf2 {and if h4 works, White does fine.} Qh3+ 39. Kg1 Qxg4+ 40. Bg3 Bg5 (40... Rh5 $19 41. Qe2 Be7) 41. Nxg5 $15 Qxg5 42. Rf3 $1 Rh4 43. Qd3 {Precision: White = 45%, Black = 33%.} 1/2-1/2

[Event "9th A. Margaryan Memorial 2019"]
[Site "Yerevan"]
[Date "2019.01.10"]
[Round "3"]
[White "Gholami, Aryan"]
[Black "Davtyan, Artur"]
[Result "1-0"]
[WhiteElo "2488"]
[BlackElo "2396"]
[Annotator "TA"]
[PlyCount "95"]
[EventDate "2019.01.08"]
[EventType "tourn"]
[EventCountry "ARM"]
[SourceTitle "playchess.com"]
[Source "ChessBase"]
[SourceQuality "1"]

{[%evp 11,95,47,60,48,46,27,20,-1,55,30,32,38,68,61,46,60,95,80,84,60,102,110,89,34,68,66,72,70,73,66,58,64,150,150,154,155,127,139,167,168,185,187,195,185,198,184,236,217,310,312,303,289,246,208,205,162,192,156,238,212,299,153,194,211,228,222,404,386,501,491,558,538,804,719,785,772,793,804,682,344,6084,6003,5033,5026,29992,29993]} 1. Nf3 d5 2. g3 Nf6 3. Bg2 e6 4. O-O b5 5. d3 Bb7 6. c4 b4 {LiveBook: 4 Games. A05: Réti Opening: 1 Nf3 Nf6} (6... a6 7. cxd5 Nxd5 8. a4 Be7 9. Nc3 O-O 10. axb5 Nxc3 11. bxc3 axb5 12. Rxa8 Bxa8 13. Qb3 Bc6 14. Be3 {½-½ (57) Short,N (2670)-Hou,Y (2649) Hoogeveen 2016}) 7. cxd5 exd5 8. e4 dxe4 {White has an edge.} 9. Ne5 $146 ({Predecessor:} 9. dxe4 Qxd1 10. Rxd1 Bc5 11. e5 Ng4 12. Rd2 Nd7 13. h3 Nh6 14. Rc2 {½-½ (61) Muthaiah,A (2289)-Pranav,A (2068) Mumbai 2017}) 9... Qd4 (9... Nbd7 $11 10. Nxd7 Qxd7) 10. Qa4+ Nbd7 11. Bf4 Bd6 12. Nxd7 Nxd7 13. Bxd6 cxd6 {[#]} 14. Nc3 $1 {[%cal Rc3e4][%mdl 512]} Rd8 (14... bxc3 15. Qxd4) 15. Bxe4 Qb6 {[#]} 16. Bxb7 $1 Qxb7 17. Qb5 (17. Rfe1+ $16 Kf8 18. Qa5) 17... Qxb5 18. Nxb5 Ne5 19. d4 Nd3 20. Rad1 $36 {[%mdl 2048] White is pushing.} Nxb2 21. Rb1 Nc4 ({Black should try} 21... Rb8 $14) 22. Rxb4 $16 d5 23. Nxa7 O-O 24. Nc6 Rd7 25. Re1 Nd2 {White should prevent ...Nf3+.} 26. Re7 Rd6 27. Rc7 Re8 28. Rbb7 Nf3+ (28... h6 $142 29. Kg2 Re2 30. Rc8+ Kh7 31. Rxf7 Ne4) 29. Kg2 $18 Rf6 (29... Ne1+ $142 30. Kh1 Nf3) 30. Ne7+ {[%mdl 64] Double Attack} Kf8 31. Nxd5 Rf5 32. Ne7 Rf6 33. d5 {Black must now prevent d6!} Ne1+ {[#]} 34. Kf1 $1 {[%cal Rf1e1]} Nd3 (34... Nf3 $16 {might work better.} 35. h4 Nd2+ 36. Kg1 Ne4) 35. f4 g5 (35... Nc5 $142) 36. f5 (36. Ke2 $18 gxf4 37. Kxd3) 36... Ne5 37. a4 Ng4 38. Ke2 Ra6 $2 (38... Nxh2 39. a5 Ng4) 39. Kd2 Rxa4 40. Nc6 Ra2+ 41. Kc3 Re3+ 42. Kd4 Rd2+ 43. Kc5 Rc2+ 44. Kd6 Nh6 45. g4 Rce2 $2 (45... Kg7 46. Rd7 Ra3) 46. f6 {White wants to mate with Re7.} Re8 47. Re7 R8xe7 48. Nxe7 {Accuracy: White = 51%, Black = 24%.} 1-0

[Event "9th A. Margaryan Memorial 2019"]
[Site "Yerevan"]
[Date "2019.01.10"]
[Round "3"]
[White "Petriashvili, Nikoloz"]
[Black "Barseghyan, Armen Ar."]
[Result "0-1"]
[WhiteElo "2479"]
[BlackElo "2380"]
[Annotator "TA"]
[PlyCount "94"]
[EventDate "2019.01.08"]
[EventType "tourn"]
[EventCountry "ARM"]
[SourceTitle "playchess.com"]
[Source "ChessBase"]
[SourceQuality "1"]

{[%evp 23,94,36,41,35,60,39,35,25,35,8,3,1,46,-7,-2,0,17,22,27,26,62,0,0,0,0,-45,0,0,0,0,0,0,0,0,0,0,0,0,0,0,0,0,0,0,8,0,0,0,0,0,0,-115,-8,-36,0,-37,0,-41,-31,-84,-81,-105,-79,-106,-9,-33,-10,-20,0,-5381,-5397,-5277,-2606]} 1. d4 Nf6 2. Nf3 g6 3. g3 Bg7 4. Bg2 c5 5. c4 cxd4 6. Nxd4 Nc6 7. Nc3 O-O 8. O-O Qa5 9. e3 Ne5 {A39: Symmetrical English vs ...g6: 4 Bg2 Bg7 5 Nf3 Nf6 6 0-0 0-0 7 d4} (9... d6 10. h3 Bd7 11. Qe2 Rfc8 12. Rd1 a6 13. Bd2 Qd8 14. Rac1 Rab8 15. Nxc6 Bxc6 16. e4 Nd7 17. Bg5 h6 18. Be3 {½-½ (41) Ding,L (2778)-Bacrot,E (2718) Liaocheng 2018}) 10. Qe2 d6 11. Bd2 Bg4 12. f3 Bd7 {LiveBook: 3 Games} 13. b3 $146 ({Predecessor:} 13. Rac1 Rfc8 14. b3 Qd8 15. Rfd1 a6 16. Be1 Rab8 17. Kh1 {½-½ (35) Lupulescu,C (2634)-Sasikiran,K (2660) Tromsoe 2013}) 13... Rfc8 14. f4 Nc6 15. Nd5 Qd8 {White must now prevent ...Nxd4.} 16. Bc3 Nxd5 17. Bxd5 Qb6 {[%cal Rc6d4]} 18. Kg2 (18. Rad1 $14) 18... e6 $11 19. Bf3 Ne7 20. Qd2 e5 21. Nc2 Bc6 22. Rad1 (22. e4 $14) 22... Bxf3+ 23. Rxf3 d5 24. Ba5 Qe6 (24... Qa6 {is interesting.} 25. Bb4 Nf5 26. fxe5 Qxa2 27. Na3 Qxd2+ 28. Bxd2 Bf8) 25. cxd5 Nxd5 26. Qxd5 Rxc2+ 27. Rf2 Rxf2+ 28. Kxf2 Qa6 29. Rc1 exf4 30. gxf4 Bf6 31. a4 Re8 32. Rc7 {[%mdl 64] [#] Double Attack} Bh4+ 33. Kg1 Re7 {Threatens to win with ...Rxc7.} 34. Qd8+ {[%mdl 64] Double Attack} Kg7 35. Bc3+ Kh6 36. Rc5 {[%cal Rd8f8]} f5 37. Qd2 (37. Rc4 $11) 37... Qb6 (37... Qe6 $17 38. Bd4 Qxb3) 38. b4 Bf6 39. a5 Qe6 40. Be5 Rd7 $36 {[%mdl 2048] Black has good play.} 41. Qc2 ({White should try} 41. Qe1 $15) 41... Bxe5 $17 42. Rxe5 {[%mdl 4096] Endgame KQR-KQR} Qf6 43. Kg2 {[#]} Qd8 (43... Qd6 $1 $17 44. Kh3 Qxb4) 44. Kg3 Rd2 45. Qc5 $1 Rd7 46. Qxa7 $2 {[%mdl 8192]} (46. Qc2 $11) 46... Kh5 $19 {( -> ...Qh4+)} 47. Kf3 Qh4 {Accuracy: White = 43%, Black = 47%.} 0-1

[Event "9th A. Margaryan Memorial 2019"]
[Site "Yerevan"]
[Date "2019.01.10"]
[Round "3"]
[White "Mikaelyan, Arman"]
[Black "Sturua, Zurab"]
[Result "1/2-1/2"]
[WhiteElo "2474"]
[BlackElo "2533"]
[Annotator "TA"]
[PlyCount "102"]
[EventDate "2019.01.08"]
[EventType "tourn"]
[EventCountry "ARM"]
[SourceTitle "playchess.com"]
[Source "ChessBase"]
[SourceQuality "1"]

{[%evp 18,102,28,27,41,22,18,18,56,20,20,20,20,14,29,0,15,16,15,10,11,0,19,0,17,12,25,0,27,-24,83,34,89,84,166,36,46,15,22,0,0,0,7,0,7,0,13,12,13,0,0,0,0,0,0,0,0,0,0,0,0,0,0,0,0,0,0,0,0,0,0,0,0,0,0,0,0,0,0,0,0,0,0,0,0,0,0]} 1. d4 Nf6 2. c4 e6 3. Nf3 d5 4. Nc3 a6 5. cxd5 exd5 6. Qb3 {D37: Queen's Gambit Declined: 5 Bf4} (6. Bg5 Be6 7. e3 Nbd7 8. Bd3 h6 9. Bf4 g5 10. Bg3 Nh5 11. Be5 Nhf6 12. Bg3 Nh5 13. Qb3 Nxg3 14. hxg3 {½-½ (48) Karjakin,S (2773)-Caruana,F (2822) Saint Louis 2018}) 6... Be7 7. Bg5 c6 8. e3 Nbd7 {[%cal Bb8d7,Bd7f6,Bf6e4][%mdl 32]} 9. Bd3 O-O 10. O-O {LiveBook: 13 Games} Ne4 11. Bf4 Ndf6 12. Rac1 Nd6 $146 ({Predecessor:} 12... Bd6 13. Bxd6 Qxd6 14. Bxe4 Nxe4 15. Nxe4 dxe4 {0-1 (49) Bogoljubow,E-Rubinstein,A Stockholm & Gothenburg 1920}) 13. Qc2 g6 14. h3 Re8 15. Na4 Nfe4 16. Nc5 Bf8 17. b4 a5 18. a3 Ra7 19. Ne5 f6 20. Nf3 axb4 21. axb4 b6 22. Nb3 Bd7 23. Nfd2 (23. Ra1 $142 Rxa1 24. Rxa1) 23... b5 (23... Qe7 $11) 24. Nxe4 dxe4 (24... Nxe4 $14 25. Bxe4 Rxe4) 25. Be2 $16 Nb7 {[#]} (25... Nf5 $16 {is a better defense.}) 26. Nc5 ({White should try} 26. d5 $1 $18 {[%cal Rd5c6]} cxd5 27. Nd4) 26... Nxc5 $14 27. dxc5 Qa8 {The position is equal.} 28. Rfd1 f5 29. Rd2 Be6 30. Be5 Ra2 31. Qd1 Rxd2 32. Qxd2 Rd8 33. Qc3 Qa2 34. Bf6 Ra8 35. Rc2 Qb3 36. Qe5 Qd5 37. Qc7 Qd7 38. Qe5 Qd5 39. Qc7 Qd7 40. Qf4 Bd5 41. Rd2 Qe6 42. Bd4 Ra4 43. Bc3 Ra3 44. Rc2 {[%cal Bd2c2,Bc2c1,Bc1d1][%mdl 32]} Ra8 45. Rc1 Bg7 46. Bxg7 Kxg7 47. Rd1 Ra4 48. Qc7+ Qf7 49. Qe5+ Qf6 50. Qc7+ Qf7 51. Qe5+ Qf6 $1 {Accuracy: White = 57%, Black = 57%.} 1/2-1/2

[Event "9th A. Margaryan Memorial 2019"]
[Site "Yerevan"]
[Date "2019.01.10"]
[Round "3"]
[White "Sargsyan, Tigran R."]
[Black "Babujian, Levon"]
[Result "1-0"]
[WhiteElo "2332"]
[BlackElo "2488"]
[Annotator "ChessBase"]
[PlyCount "89"]
[EventDate "2019.01.08"]
[EventType "tourn"]
[EventCountry "ARM"]
[SourceTitle "playchess.com"]
[Source "ChessBase"]
[SourceQuality "1"]
[TimeControl "40/5400+30:1800+30"]

1. d4 {[%emt 0:00:00]} Nf6 {[%emt 0:00:00]} 2. c4 {[%emt 0:00:09]} e6 {[%emt 0:00:00]} 3. Nf3 {[%emt 0:00:51]} c5 {[%emt 0:00:31]} 4. g3 {[%emt 0:02:36]} cxd4 {[%emt 0:00:15]} 5. Nxd4 {[%emt 0:00:08]} Bb4+ {[%emt 0:00:03]} 6. Nc3 {[%emt 0:08:28]} Ne4 {[%emt 0:00:54]} 7. Qd3 {[%emt 0:01:33]} Bxc3+ {[%emt 0:01:58]} 8. bxc3 {[%emt 0:00:17]} Nc5 {[%emt 0:00:02]} 9. Qe3 {[%emt 0:03:58]} O-O {[%emt 0:05:29]} 10. Ba3 {[%emt 0:04:04]} d6 {[%emt 0:00:38]} 11. Nb5 {[%emt 0:12:34]} Qa5 {[%emt 0:15:55]} 12. Bb4 {[%emt 0:02:36]} Qa4 {[%emt 0:00:49]} 13. Nxd6 {[%emt 0:14:47]} Nca6 {[%emt 0:00:48]} 14. Qd2 {[%emt 0:13:03]} Nc6 {[%emt 0:04:00]} 15. a3 {[%emt 0:03:41]} Naxb4 {[%emt 0:22:43]} 16. cxb4 {[%emt 0:00:21]} a5 {[%emt 0:00:24]} 17. b5 {[%emt 0:05:37]} Nb4 {[%emt 0:00:09]} 18. Qd1 {[%emt 0:01:16]} Nc2+ {[%emt 0:09:03]} 19. Kd2 {[%emt 0:00:19]} Rd8 {[%emt 0:00:11]} 20. Qxc2 {[%emt 0:00:24]} Rxd6+ {[%emt 0:00:07]} 21. Kc1 {[%emt 0:00:17]} Qxc2+ {[%emt 0:00:06]} 22. Kxc2 {[%emt 0:00:06]} e5 {[%emt 0:00:25]} 23. Bg2 {[%emt 0:03:06]} Rd4 {[%emt 0:02:14]} 24. Bd5 {[%emt 0:09:41]} Be6 {[%emt 0:00:48]} 25. Bxe6 {[%emt 0:02:22]} fxe6 {[%emt 0:00:06]} 26. Kb3 {[%emt 0:00:34]} Rd2 {[%emt 0:03:21]} 27. Rhe1 {[%emt 0:02:09]} Rad8 {[%emt 0:00:06]} 28. Rac1 {[%emt 0:00:55]} b6 {[%emt 0:00:49]} 29. Rc2 {[%emt 0:01:42]} R2d4 {[%emt 0:00:51]} 30. Rec1 {[%emt 0:00:48]} Kf7 {[%emt 0:02:02]} 31. e3 {[%emt 0:01:19]} Rd3+ {[%emt 0:00:27]} 32. Rc3 {[%emt 0:00:15]} Ke7 {[%emt 0:02:26]} 33. Ka4 {[%emt 0:03:29]} Rxc3 {[%emt 0:09:07]} 34. Rxc3 {[%emt 0:00:01]} Rd2 {[%emt 0:00:04]} 35. c5 {[%emt 0:00:28]} bxc5 {[%emt 0:00:05]} 36. Kxa5 {[%emt 0:00:45]} Ra2 {[%emt 0:02:31]} 37. Kb6 {[%emt 0:00:26]} Kd7 {[%emt 0:00:27]} 38. Ka7 {[%emt 0:00:52]} Rxf2 {[%emt 0:00:06]} 39. b6 {[%emt 0:01:16]} Kc6 {[%emt 0:00:04]} 40. b7 {[%emt 0:00:00]} Rf7 {[%emt 0:00:00]} 41. Rb3 {[%emt 0:00:53]} c4 {[%emt 0:00:19]} 42. Rb1 {[%emt 0:00:11]} c3 {[%emt 0:00:26]} 43. Ka8 {[%emt 0:00:32]} Rxb7 {[%emt 0:02:00]} 44. Rxb7 {[%emt 0:00:06]} c2 {[%emt 0:00:01]} 45. Kb8 {[%emt 0:00:06]} 1-0

[Event "9th A. Margaryan Memorial 2019"]
[Site "Yerevan"]
[Date "2019.01.11"]
[Round "4"]
[White "Sturua, Zurab"]
[Black "Babujian, Levon"]
[Result "1-0"]
[WhiteElo "2533"]
[BlackElo "2488"]
[Annotator "TA"]
[PlyCount "137"]
[EventDate "2019.01.08"]
[EventType "tourn"]
[EventCountry "ARM"]
[SourceTitle "playchess.com"]
[Source "ChessBase"]
[SourceQuality "1"]

{[%evp 20,137,0,0,0,0,18,9,13,13,13,13,13,13,13,13,14,2,7,0,6,5,12,14,31,0,0,0,0,0,0,-6,-6,0,-1,-78,-70,-44,-35,-43,210,210,199,206,206,202,202,213,199,208,262,268,261,264,277,277,325,327,429,429,425,429,428,429,429,429,429,429,425,394,425,425,421,421,421,421,560,421,421,421,421,421,421,420,420,420,420,420,413,410,421,421,421,392,413,0,421,419,418,418,421,418,427,410,410,410,410,410,453,453,453,453,725,694,947,891,891,884,867,860]} 1. Nf3 Nf6 2. g3 d5 3. Bg2 g6 4. d3 Bg7 5. O-O O-O 6. Nbd2 Nc6 7. e4 e5 8. c3 a5 9. Re1 dxe4 {A07: Réti Opening: New York and Capablanca Systems} 10. dxe4 Qe7 11. a4 {LiveBook: 3 Games} Rd8 {The position is equal.} (11... b6 12. Bf1 Rd8 13. Bb5 Na7 14. Bc4 Bg4 15. Qc2 Nc8 16. h3 Bd7 {½-½ (52) Gledura,B (2613)-Ruck,R (2529) Budapest 2017}) 12. Qc2 b6 13. Nc4 Ba6 14. Bf1 h6 15. b3 Qe6 16. Ba3 Bf8 17. Bxf8 Kxf8 18. Rad1 Kg7 19. Ne3 Bxf1 $146 ({Predecessor:} 19... Rxd1 20. Rxd1 Bxf1 21. Kxf1 Rd8 22. Rxd8 Nxd8 23. Nc4 {½-½ (23) Van Wijgerden,C (2440)-Borm,F (2355) Arnhem/ Amsterdam 1983}) 20. Rxf1 Rac8 21. Kg2 Nb8 {[%cal Bc6b8,Bb8d7,Bd7c5][%mdl 32]} 22. Nc4 Nbd7 23. Rfe1 Re8 24. Re2 Qc6 25. h3 Re7 26. Nh2 Nc5 {[%cal Rf6e4]} 27. f3 (27. Nf3 $11 {remains equal.}) 27... h5 28. h4 {[#]} Nxa4 $1 {[%mdl 512]} 29. Nxa5 {[%cal Bc4a5,Ba5c6,Bc6a7,Ba7b5][%mdl 32]} (29. bxa4 Qxc4) 29... Qxc3 $2 {[%mdl 8192]} (29... bxa5 $15 {stays ahead.} 30. bxa4 Rd7) 30. Nc6 $18 Re6 31. Na7 $1 {[%cal Ra7c8]} Ra8 32. Nb5 Qxc2 33. Rxc2 Nc5 34. Nxc7 Ra3 35. Nxe6+ Nxe6 {[#]} 36. Rb2 $1 Nd4 {[#]} 37. Nf1 $1 Nd7 38. Ne3 b5 39. Nc2 Nxc2 40. Rxc2 {[%mdl 4096] Endgame KRR-KRN} Nf8 41. Rb2 Ne6 42. Rd5 Nd4 43. Rxe5 Nxb3 44. Rd5 Na5 {Now ...Nc4 and Black clings on.} 45. Rdxb5 Nc4 46. R5b3 Ra1 47. Rc2 Ne5 48. Rb5 Nd3 {And now ...Ne1+ would win.} 49. Rd2 Ra3 50. Re2 Rc3 51. Ra5 Nc1 52. Rd2 Nd3 53. Ra1 Ne5 54. Rf2 Nd3 55. Rfa2 Ne5 56. Rf1 Nc4 {and if ...Ne3+ works, Black does fine.} 57. Rfa1 Ne5 $1 58. Ra3 Rc2+ 59. Kg1 Rd2 60. Rc3 Nd3 61. Rf1 Ne5 62. Rf2 Rd1+ 63. Kg2 Nd3 64. Ra2 {White is clearly winning.} Ne5 65. Rc5 Nd3 (65... Nd7 $142 66. Rc7 Ne5) 66. Rd5 Kh6 67. Ra3 Ne1+ 68. Kf2 Rb1 69. Rd2 {Precision: White = 74%, Black = 55%.} 1-0